Normal view
MARC view
- Riazuddin, Akhtar,
Entry Personal Name
001 - CONTROL NUMBER
- control field: 131058
003 - CONTROL NUMBER IDENTIFIER
- control field: NUST
005 - DATE AND TIME OF LATEST TRANSACTION
- control field: 20251009154334.0
008 - FIXED-LENGTH DATA ELEMENTS
- fixed length control field: 251009|| aca||aabn | a|a d
040 ## - CATALOGING SOURCE
- Original cataloging agency: NUST
- Transcribing agency: NUST
100 ## - HEADING--PERSONAL NAME
- Personal name: Riazuddin, Akhtar,
- Dates associated with a name: 1928-
670 ## - SOURCE DATA FOUND
- Source citation: Work cat.: (NUST)0: Riazuddin, Akhtar, 1928-, History of handicrafts :, 1988.
